000 00595nam a22001817a 4500
005 20251108165928.0
008 250721s2001 xx 000 0 ara d
082 1 4 _a616.08/عبد
100 1 _aعبد الله، محمد قاسم
245 1 0 _aإتجاهات حديثة في الصحة النفسية :
_bالشراهية المرضية و علاجها ............. /
264 1 _aحلب :
_bدار الفكر،
_c2001.
300 _a184ص
650 1 7 _aالصحة النفسية
650 1 7 _aتقدير الذات
650 1 7 _aالإكتئاب
942 _2ddc
_cBK
999 _c35082
_d35082